Регионална библиотека "Любен Каравелов" - Русе

Operatic Duets (Запис номер 525754)

MARC детайли
000 -Лидер
Лидер 02088njm a2200313 a 4500
003 - Код на организацията, давaща контролен номер
Код на организацията, даваща контролен номер BLK
005 - Дата и час на последна редакция
Дата и час на последна редакция 20250124154119.0
007 - Фиксирано поле за физическо описани
Физическо описание sd bmmalaaahaa
008 - Елементи от данни с фиксирана дължина
Елементи с фиксирана дължина 221104b bu |||||s|||| 00| | bu d
028 ## - PUBLISHER NUMBER
Издателски номер SLPD 12585
040 ## - Източник на каталожния запис
Код на библиотеката BLK
041 ## - Код за език
Език на записа Унгарски
Език за КДБФ Други
080 ## - УДК
УДК текст Опера, музикална драма - изпълнители
УДК код 782.1.071.2
УДК – определител (086.72)
УДК – код + определител 782.1.071.2(086.72)
100 1# - Редна дума - Автор
R(LIN) 4895
Автор Bellini, Vincenzo
245 ## - Сведения за заглавието
Заглавие Operatic Duets
Авторска отговорност Vincenzo Bellini ; Gaetano Donizetti; Amilcare Ponchielli ; Ilona Tokody, Klára Takács, András Mihály
260 ## - Област на издателските данни
Място на издаване Budapest
Име на издателя Hungaroton
Година на издаване 1984
9 (RLIN) 215466
300 ## - Физическа характеристика
Брой страници 1 грамофоннa плочa
Илюстрации 33 об/мин, стерео
Размер 30 см
380 ## - Жанр
Жанр Изкуство
500 ## - Общи забележки
Обща забележка A1 Anna Bolena: Dio Che Mi Vedi...Sul Suo Capo. (Anna És Giovanna Kettőse (II. Felvonás) - Duet; Anna, Giovanna (Act 2)) 15:55<br/>A2 La Gioconda: E Un Anatema...L'Amo Come (Gioconda És Laura Kettőse (II. Felvonás) - Duet; La Gioconda, Laura (Act 2)) 4:00<br/>B1 I Capuleti E I Montecchi (Rómeó És Júlia): Sì Fuggire...Miglior Patria (Romeo És Giulietta Kettőse (I. Felvonás) - Duet; Romeo, Giulietta (Act 1)) 14:20<br/>B2 Norma: Me Chiami, O Norma...Deh! Con Te Li Prendi (Adalgisa És Norma Kettőse (II. Felvonás) - Duet; Adalgisa, Norma (Act 2))
511 ## - Забележка за участници или изпълнители
Забележка за участници Composed By – Amilcare Ponchielli (tracks: A2), Gaetano Donizetti (tracks: A1), Vincenzo Bellini (tracks: B1, B2)<br/>Conductor – András Mihály<br/>Design – Péter Nagy (3)<br/>Engineer – Endre Radányi<br/>Libretto By – Arrigo Boito (tracks: A2), Felice Romani (tracks: A1, B1, B2)<br/>Liner Notes – Iván Kertész (2)<br/>Mezzo-soprano Vocals – Klára Takács<br/>Orchestra – Hungarian State Opera Orchestra<br/>Photography By – Zoltán Szalay*<br/>Producer – Jenő Simon<br/>Soprano Vocals – Ilona Tokody
520 ## - Забележка за наличие на резюме, анотация и т.н
Анотация, рецензия дата на запис 1987
653 ## - Ключова дума – ненормативна
9 (RLIN) 192829
Ключови думи опера
700 1# - Други автори (авторска отговорност)
9 (RLIN) 8881
Друг автор Donizetti, Gaetano
700 1# - Други автори (авторска отговорност)
9 (RLIN) 21477
Друг автор Ponchielli, Amilcare
852 ## - Местоположение
Сигнатура (форматна) Ф ІІ 6968
Отдел Хранилище
856 ## - Електронен адрес и достъп
Инструкция (цена за достъп) 0.00
Права за достъп disable
942 ## - АРТИКУЛИ
Вид на библиотечния документ Грамофонни плочи
Скрит в OPAC Не
944 ## - СЪЗДАВАНЕ И РЕДАКЦИЯ на ЗАПИСА
Дата на регистрацията/редакция Нора Радева
Служител, извършил регистрацията/редакцията 30545
Създаване/Редакция
Статус, дата на статуса Нора Радева
999 ## - СИСТЕМНИ КОНТРОЛНИ НОМЕРА
Koha biblionumber 525754
Koha biblioitemnumber 525754
Наличности
Код за отписване Код за изгубен артикул Източник на класификационната схема Код за повреда Коз за рестрикции Код за отдаване Артикулен № Име на библиотеката - собственик Име на библиотеката, в която се намира в момента Статус (Текущо местоположение) Дата на вписване в системата Местоположение - отдел Цена в лева Инвентарен номер Систематично азбучна сигнатура Баркод Цена в евро Служебен тип на артикула
  Не е изгубен Universal Decimal Classification Не е повреден само за читалня ползва се в читалня 959294 Регионална библиотека "Любен Каравелов" Русе Регионална библиотека "Любен Каравелов" Русе Хранилище 2025-01-24 Основен фонд - ползва се само за читалня 6.00 16331 Ф ІІ 6968 900000112925 3.07 Грамофонни плочи
Vip Innovations Ltd, Rousse, Bulgaria 2025